Most listened songs on Spotify 2021 - Guess the Artist - Statistics

General Stats
  • This quiz has been taken 241 times
  • The average score is 8 of 10
Answer Stats
Rang Song Künstler % Correct
1 Drivers License Olivia Rodrigo
95%
4 good 4 you Olivia Rodrigo
95%
8 Blinding Lights The Weeknd
95%
5 Levitating Dua Lipa ;DaBaby
91%
3 STAY Justin Bieber ;The Kid LAROI
87%
2 MONTERO (Call Me By Your Name) Lil Nas X
85%
6 Peaches Justin Bieber ;Daniel Caesar ; Giveon
84%
7 Kiss Me More Doja Cat ;SZA
70%
9 Heat Waves Glass Animals
68%
10 Beggin´ Måneskin
66%
No matching quizzes found
Score Distribution
Percent of People with Each Score
Percentile by Number Answered
Your Score History
You have not taken this quiz